| 000 | 00544nam a22001937a 4500 | ||
|---|---|---|---|
| 008 | 131031b xxu||||| |||| 00| 0 alb d | ||
| 020 | _a9789928105042 | ||
| 041 | 0 | _aalb | |
| 080 |
_a33 _x(=18)(092) |
||
| 100 | 1 |
_aMisja, Vladimir _d1865-1948 |
|
| 245 | 1 | 0 |
_aPrtrete të ekonomistëve shqiptarë në vite / _cVladimir Misja |
| 260 |
_aTiranë : _bGEER ; _c2010. |
||
| 300 |
_a483 f. : _bme il. ; _c24 cm. |
||
| 500 | _aParathënie : f. 3-4 | ||
| 505 | _aLiteratura : f. 469-472 | ||
| 650 | _aPortretet | ||
| 650 | _aEkonomia | ||
| 942 |
_2udc _cBK |
||
| 999 |
_c226 _d226 |
||